| 000 | 00465nam a2200169 a 4500 | ||
|---|---|---|---|
| 001 | 5852 | ||
| 003 | CDMR | ||
| 005 | 20130321183156.0 | ||
| 008 | 130220s2001||||||||||||||||||||||||||||d | ||
| 020 | _a8488802498 | ||
| 040 |
_aCDMR _bcat _cCDMR |
||
| 245 | 0 | 0 |
_aAntonio Fontán _b: un héroe de la libertad de prensa |
| 260 |
_aMadrid _bSecretaria General del Senado _c2001 |
||
| 300 |
_a112 p. ; _c30 cm |
||
| 600 | 1 |
_92022 _aFontan, Antonio _xHomenatges |
|
| 942 |
_cMON _2udc |
||
| 999 |
_c5852 _d5852 |
||